Word Scramble - Song Artists - Statistics

General Stats
  • This quiz has been taken 995 times
  • The average score is 15 of 20
Answer Stats
Hint Answer % Correct
AYJ Z JAY Z
98%
DYAL AGGA LADY GAGA
96%
MINEEM EMINEM
95%
KP!N P!NK
92%
YLORAT FTSIW TAYLOR SWIFT
92%
SEISJE J JESSIE J
89%
TINSJU ERBEBI JUSTIN BIEBER
87%
TAYK RYEPR KATY PERRY
85%
ICKIN JIMAN NICKI MINAJ
85%
DAMA EVILNE ADAM LEVINE
79%
RYAHR TYSELS HARRY STYLES
75%
RANIAA EDGARN ARIANA GRANDE
71%
GYGI ELAZAA IGGY AZALEA
71%
HARILC CXX CHARLI XCX
69%
REHUS USHER
67%
LNASEE MOZGE SELENA GOMEZ
66%
YTRIBEN PSRASE BRITNEY SPEARS
60%
IRAT RAO RITA ORA
58%
EVTO OL TOVE LO
56%
ARAS ALBELIRSE SARA BAREILLES
26%
No matching quizzes found
Score Distribution
Percent of People with Each Score
Percentile by Number Answered
Your Score History
You have not taken this quiz